00459 2200181 4500001002100000005001500021008004100036020001800077035001900095041000700114082000800121090001400129100001000143245005900153260002600212300001900238650002000257INLIS00000000001514420241224114858241224||||||||| | ||| |||| || |  a979-3168-45-5 0010-1224015144 aid0 a500 a500 LIL a0 alilis00aAku Suka Belaja:ILmu Pengetahuan Alam untuk SD kelas 3 aJakartabAlbamac2008 a184hlm;17x25cm 0ailmu ilmu murni